00346nam a22001217a 450000500170000000800410001704000130005808200230007110000230009424500520011726000470016930000080021620180208093916.0180208b xxu||||| |||| 00| 0 eng d cPK-LaUMT aPKAC 297.01bAFT-F aAftab Ahmed Shamsi aFikar kay humrah aik safar/cAftab Ahmed Shamsi aلاہور:bمکبتہ البیانc1989 a268